| 000 | 00448nam a22001697a 4500 | ||
|---|---|---|---|
| 005 | 20251108172647.0 | ||
| 008 | 250721s2000 xx 000 0 ara d | ||
| 082 | 1 | 4 | _a811,9565/محا |
| 100 | 1 |
_aمحادين، خالد _eمؤلف |
|
| 245 | 1 | 0 | _aها هو اليوم في كل بيت / |
| 264 | 1 |
_aعمان : _c2000. |
|
| 300 | _a83ص. | ||
| 650 | 1 | 7 | _aالشعر العربي |
| 650 | 1 | 7 | _aالأردن |
| 942 |
_2ddc _cBK |
||
| 999 |
_c85250 _d85250 |
||